000 00698nam a2200217Ia 4500
003 OSt
005 20251126122445.0
008 210719s2012 xx 000 0 und d
040 _cAL
041 _aKannada
082 _a398.2K SHRS
100 _aSHRIDHARA PANDI SANURU (M)
_dಶ್ರೀಧರ ಪಾಂಡಿ ಸಾನೂರು (ಎಂ)
_9246862
245 _aShri kushmandinI devi mahatmya
_bಶ್ರೀ ಕೂಷ್ಮಾಂಡಿನೀ ದೇವೀ ಮಹಾತ್ಮ್ಯ
260 _aMangaLUru
_c2012
300 _a146
_bPB
365 _b90
_cRs
650 _aFolklore
_9246863
650 _aFolklore
_9246863
906 _adEvI ; kUShmAnDinI ; mAhAtmya ; Shri
942 _2ddc
_cBK
999 _c215390
_d215390